006250000a22001810004500060000800000082001600008100002000024100001900044245005800063260002800121260000900149300000800158490004200166650009500208942000700303999001900310952011400329 a100 a631.416 FRI aBroeshart, Hans aFried, Maurice aSoil-Plant system: in relation to inorganic nutrition aNewyork, Academic press c1967 a358 aMonograph series on radiation biology aSoil- Plant system/ Plant -Inorganic nutrition/ Soil science/ Nutrition, Inorganic- Plants cBK c356873d356873 00104070aKAUCOAVbKAUCOAVd2014-05-02l0o631.416 FRIpKAU_COAV-17228r2014-05-02 00:00:00w2014-05-02yBK